000 00436nam a2200157 i 4500
001 86077
003 ES-MaACL
005 20230906175352.0
007 t|
008 041207s1929 ddr ||||1| ger d
100 1 _aKaiser, Georg.
_967434
245 1 0 _aMebeneinander
_b: volksstuck 1923 in fünf akten /
_cGeorg Kaiser.
260 _aPostdam :
_bGustav Kiepenheuer,
_c1929.
300 _a158 p. ;
_c20 cm.
852 _aES-MaACL
_jF-13730
999 _c86077
_d86077